[Event "Kingston Invitational 1st"]
[Site "Kingston"]
[Date "2022.07.22"]
[Round "5"]
[White "Lalic, Peter D"]
[Black "Maycock Bates, David Henry"]
[Result "1/2-1/2"]
[WhiteElo "2151"]
[BlackElo "2240"]
[PlyCount "250"]
[EventDate "2022.07.20"]
[EventType "tourn"]
[EventRounds "9"]
[EventCountry "ENG"]
[SourceVersionDate "2022.07.20"]

1. h3 d5 2. Nf3 Nf6 3. d3 Nc6 4. Bf4 g6 5. e3 Bg7 6. d4 Ne4 7. Be2 O-O 8. O-O
Na5 9. Na3 c5 10. Nb5 Nc6 11. c4 dxc4 12. Bxc4 cxd4 13. exd4 Nd6 14. Nxd6 exd6
15. Re1 d5 16. Bb3 Bf5 17. Ne5 Na5 18. Bc2 Be6 19. Qd2 Qb6 20. b3 Rac8 21. Rad1
Nc6 22. Bb1 Nxe5 23. Bxe5 Rc6 24. Bxg7 Kxg7 25. Qg5 Rfc8 26. h4 Qd8 27. Qxd8
Rxd8 28. Kf1 Rdc8 29. Ke2 Kh6 30. Kd2 a5 31. Bd3 Bg4 32. f3 Bf5 33. Bxf5 gxf5
34. Ke3 Rc2 35. Kf4 Rxg2 36. Re7 Rc3 37. Rf1 b5 38. Re5 Rxa2 39. Rxd5 a4 40.
Rg1 Rc6 41. Rxb5 axb3 42. Rxb3 Ra4 43. Rd3 Rd6 44. Ke5 Re6+ 45. Kxf5 Raa6 46.
d5 Red6 47. Rg4 f6 48. Rgd4 Kh5 49. Rg4 Ra5 50. Rgd4 Rb5 51. Rd2 Rb3 52. f4 Rb5
53. Rd1 Ra5 54. R4d3 Kh6 55. Ke4 Kg6 56. Rg1+ Kf7 57. Rc1 Ra7 58. Rc6 Ke7 59.
Kf5 Rxc6 60. dxc6 Ra5+ 61. Ke4 f5+ 62. Kd4 Kd6 63. Rc3 Ra4+ 64. Ke3 Ra7 65. h5
Re7+ 66. Kd3 h6 67. Rc1 Ra7 68. Rc3 Re7 69. Rc4 Kc7 70. Rc5 Re6 71. Rxf5 Kxc6
72. Kd4 Kd7 73. Rd5+ Kc6 74. Rd8 Re1 75. Rg8 Kd7 76. Rg6 Ke7 77. Rxh6 Kf7 78.
Ra6 Kg7 79. Kd5 Kh7 80. Re6 Ra1 81. Ke4 Rh1 82. h6 Ra1 83. Kf5 Rf1 84. Kg5 Rg1+
85. Kf5 Rf1 86. Kg5 Rg1+ 87. Kf6 Rf1 88. f5 Kxh6 89. Kf7+ Kh7 90. f6 Ra1 91.
Re7 Ra8 92. Rd7 Rb8 93. Ra7 Rc8 94. Rb7 Ra8 95. Rd7 Rb8 96. Ra7 Rc8 97. Ke6+
Kg6 98. Rg7+ Kh6 99. Rg1 Rc6+ 100. Ke7 Rc7+ 101. Ke8 Rc8+ 102. Kd7 Ra8 103. f7
Ra7+ 104. Ke6 Ra6+ 105. Kf5 Ra5+ 106. Ke4 Ra4+ 107. Kd5 Ra5+ 108. Kd6 Ra6+ 109.
Ke5 Ra5+ 110. Ke4 Ra4+ 111. Ke3 Ra3+ 112. Ke2 Ra2+ 113. Ke1 Ra1+ 114. Kd2 Ra2+
115. Ke1 Ra1+ 116. Kf2 Ra2+ 117. Kf1 Ra1+ 118. Ke2 Ra2+ 119. Ke3 Ra3+ 120. Ke4
Ra4+ 121. Ke5 Ra5+ 122. Ke6 Ra6+ 123. Ke7 Ra7+ 124. Kf8 Ra8+ 125. Ke7 Ra7+
1/2-1/2

[Event "Kingston Invitational 1st"]
[Site "Kingston"]
[Date "2022.07.22"]
[Round "5"]
[White "Large, Peter G"]
[Black "Seymour, Timothy P"]
[Result "1-0"]
[WhiteElo "2299"]
[BlackElo "2076"]
[PlyCount "68"]
[EventDate "2022.07.20"]
[EventType "tourn"]
[EventRounds "9"]
[EventCountry "ENG"]
[SourceVersionDate "2022.07.20"]

1. e4 e5 2. Nf3 Nc6 3. Bb5 Nf6 4. d3 Bc5 5. O-O Nd4 6. Ba4 O-O 7. c3 Nxf3+ 8.
Qxf3 h6 9. d4 exd4 10. e5 Nh7 11. Bc2 Qh4 12. g3 Ng5 13. Qd3 Qh5 14. cxd4 Bb6
15. f4 Bxd4+ 16. Qxd4 Nf3+ 17. Rxf3 Qxf3 18. Nd2 Qg4 19. Qd3 g6 20. Ne4 Qh3 21.
Nf2 Qh5 22. Ne4 Qh3 23. Bd2 d5 24. Nf6+ Kh8 25. Qxd5 Be6 26. Qg2 Rfd8 27. Qxh3
Bxh3 28. Bc3 c5 29. g4 b5 30. Be4 b4 31. Bxa8 bxc3 32. bxc3 Rxa8 33. Rd1 h5 34.
e6 fxe6 1-0

[Event "Kingston Invitational 1st"]
[Site "Kingston"]
[Date "2022.07.22"]
[Round "6"]
[White "Finn, Peter"]
[Black "Large, Peter G"]
[Result "0-1"]
[WhiteElo "2038"]
[BlackElo "2299"]
[PlyCount "122"]
[EventDate "2022.07.20"]
[EventType "tourn"]
[EventRounds "9"]
[EventCountry "ENG"]
[SourceVersionDate "2022.07.20"]

1. e4 c5 2. Nf3 Nc6 3. Bb5 Nd4 4. Nxd4 cxd4 5. c3 a6 6. Bc4 d5 7. Bxd5 Nf6 8.
Qa4+ Bd7 9. Qxd4 Qc7 10. Qc4 Nxd5 11. Qxd5 e6 12. Qb3 Bb5 13. d4 Bd6 14. Be3
Bd3 15. e5 Be7 16. Qd1 Bb5 17. a4 Bc6 18. O-O O-O 19. Nd2 f6 20. f4 Qd7 21. a5
Kh8 22. c4 Rad8 23. Qb3 Qe8 24. exf6 Bxf6 25. Nf3 Qh5 26. Qc3 Kg8 27. b4 Rc8
28. Qb3 Rcd8 29. Rad1 Qf5 30. Qd3 Be4 31. Qe2 Be7 32. Qd2 Rc8 33. Ne5 Bd6 34.
Qe2 Bxb4 35. g4 Qf6 36. Bd2 Bxd2 37. Qxe4 Bxf4 38. Nd7 Qh6 39. Qe2 Rf7 40. Nb6
Rcf8 41. Rfe1 Be3+ 42. Qxe3 Rf1+ 43. Kg2 Qxe3 44. Rxe3 Rxd1 45. d5 exd5 46.
cxd5 h6 47. Re7 Rf7 48. Re8+ Kh7 49. Re6 Rd3 50. Re5 Rf4 51. h3 Rb4 52. Re2 Rb5
53. Ra2 Kg6 54. Nc8 Rdb3 55. Rf2 Rb2 56. Ne7+ Kg5 57. d6 Rxf2+ 58. Kxf2 Kf6 59.
Ke3 Rxa5 60. Kd4 Ke6 61. Nc8 Rd5+ 0-1

[Event "Kingston Invitational 1st"]
[Site "Kingston"]
[Date "2022.07.22"]
[Round "6"]
[White "Jones, Steven A"]
[Black "Healey, Michael W"]
[Result "1-0"]
[WhiteElo "2251"]
[BlackElo "2147"]
[PlyCount "145"]
[EventDate "2022.07.20"]
[EventType "tourn"]
[EventRounds "9"]
[EventCountry "ENG"]
[SourceVersionDate "2022.07.20"]

1. e4 e5 2. Nf3 Nc6 3. Bb5 a6 4. Ba4 Nf6 5. O-O Be7 6. Re1 b5 7. Bb3 d6 8. c3
O-O 9. h3 Na5 10. Bc2 c5 11. d4 Nd7 12. Nbd2 Bf6 13. dxc5 dxc5 14. Nf1 Nb6 15.
Qe2 Be6 16. Ne3 Qc7 17. Ng4 Bxg4 18. hxg4 g6 19. g5 Bg7 20. Nh2 Nd7 21. Ng4
Rab8 22. a4 Nc6 23. Ne3 Ne7 24. Rd1 Rfd8 25. axb5 axb5 26. Nd5 Nxd5 27. exd5 f5
28. gxf6 Nxf6 29. c4 Ne8 30. Ra6 Rd6 31. cxb5 Rdb6 32. Be3 Bf8 33. b4 Rxa6 34.
bxa6 Rxb4 35. Ra1 Qa7 36. Bd2 Rb6 37. Qxe5 Kf7 38. Re1 Nf6 39. Bd3 Bd6 40. Qe6+
Kg7 41. Bc3 Bh2+ 42. Kxh2 Rxe6 43. Rxe6 c4 44. Bxf6+ Kh6 45. Bxc4 Qc7+ 46. Be5
Qxc4 47. a7 Qh4+ 48. Kg1 Qa4 49. Bf4+ Kh5 50. Be3 g5 51. Kh2 Qh4+ 52. Kg1 Qa4
53. Rc6 Qa1+ 54. Rc1 Qa5 55. Bd4 Qxd5 56. Ra1 Qa8 57. Rb1 Qe4 58. Ra1 Qa8 59.
Be3 Kg4 60. Ra4+ Kf5 61. Rb4 Qd8 62. Rb5+ Kg4 63. Rxg5+ Kh4 64. g3+ Kh3 65.
Rh5+ Kg4 66. Rh4+ Kf3 67. Kh2 h5 68. Ra4 Qd5 69. Rb4 Ke2 70. Rb8 Qc6 71. a8=Q
Qc2 72. Qa6+ Kd1 73. Qf1# 1-0

[Event "Kingston Invitational 1st"]
[Site "Kingston"]
[Date "2022.07.22"]
[Round "6"]
[White "Maycock Bates, David Henry"]
[Black "Kalaiyalahan, Akshaya"]
[Result "0-1"]
[WhiteElo "2240"]
[BlackElo "2158"]
[PlyCount "59"]
[EventDate "2022.07.20"]
[EventType "tourn"]
[EventRounds "9"]
[EventCountry "ENG"]
[SourceVersionDate "2022.07.20"]

1. e4 c5 2. Nf3 Nc6 3. Bb5 g6 4. Bxc6 bxc6 5. O-O Bg7 6. Re1 Nh6 7. c3 O-O 8.
d4 cxd4 9. cxd4 d6 10. Nc3 f6 11. Qc2 Bg4 12. Na4 Nf7 13. Nd2 Qa5 14. b4 Qxb4
15. Ba3 Qxd4 16. h3 Be6 17. Rab1 Bh6 18. Nf3 Qc4 19. Nc3 Qa6 20. Nd4 Bc4 21.
Bb2 Bd3 22. Qb3 Bxb1 23. Rxb1 Rab8 24. Qe6 Rb7 25. Kh2 Bf4+ 26. g3 Be5 27. Nde2
Rfb8 28. Nf4 Bxf4 29. gxf4 Rxb2 30. Rg1 0-1

[Event "Kingston Invitational 1st"]
[Site "Kingston"]
[Date "2022.07.22"]
[Round "6"]
[White "Taylor, William J"]
[Black "Seymour, Timothy P"]
[Result "1/2-1/2"]
[WhiteElo "1959"]
[BlackElo "2076"]
[PlyCount "61"]
[EventDate "2022.07.20"]
[EventType "tourn"]
[EventRounds "9"]
[EventCountry "ENG"]
[SourceVersionDate "2022.07.20"]

1. e4 c6 2. d4 d5 3. Nd2 dxe4 4. Nxe4 Nf6 5. Nxf6+ exf6 6. c3 Bd6 7. Bd3 O-O 8.
Qc2 Re8+ 9. Ne2 h5 10. O-O h4 11. Be3 Nd7 12. Rfe1 Nf8 13. c4 Be6 14. Rad1 Qe7
15. Bf4 Rad8 16. Bxd6 Qxd6 17. b3 g6 18. Qc1 Kg7 19. Bb1 Bg4 20. f3 Bc8 21. Qb2
Ne6 22. Be4 Ng5 23. Nc3 h3 24. d5 hxg2 25. dxc6 Qc5+ 26. Kxg2 Rxd1 27. Nxd1
bxc6 28. Nf2 Bf5 29. Qc3 Ne6 30. Nd3 Qd6 31. c5 1/2-1/2

[Event "Kingston Invitational 1st"]
[Site "Kingston"]
[Date "2022.07.23"]
[Round "7"]
[White "Healey, Michael W"]
[Black "Taylor, William J"]
[Result "0-1"]
[WhiteElo "2147"]
[BlackElo "1959"]
[PlyCount "44"]
[EventDate "2022.07.20"]
[EventType "tourn"]
[EventRounds "9"]
[EventCountry "ENG"]
[SourceVersionDate "2022.07.20"]

1. e4 e5 2. Nf3 Nf6 3. d4 Nxe4 4. Bd3 d5 5. Nxe5 Nd7 6. Nc3 Nxe5 7. dxe5 Nxc3
8. bxc3 Bc5 9. O-O O-O 10. Qh5 g6 11. Qh6 f6 12. Re1 Qe7 13. e6 Bxe6 14. Bxg6
hxg6 15. Qxg6+ Kh8 16. Qh5+ Kg8 17. Be3 Bd6 18. Bh6 Rf7 19. Re3 Rh7 20. f4 Qf7
21. Qh4 Bc5 22. Rae1 Qg6 0-1

[Event "Kingston Invitational 1st"]
[Site "Kingston"]
[Date "2022.07.23"]
[Round "7"]
[White "Kalaiyalahan, Akshaya"]
[Black "Varney, Zoe"]
[Result "1/2-1/2"]
[WhiteElo "2158"]
[BlackElo "2045"]
[PlyCount "96"]
[EventDate "2022.07.20"]
[EventType "tourn"]
[EventRounds "9"]
[EventCountry "ENG"]
[SourceVersionDate "2022.07.20"]

1. Nf3 Nf6 2. g3 g6 3. b3 Bg7 4. Bb2 O-O 5. Bg2 c5 6. c4 Nc6 7. O-O d6 8. Nc3
e5 9. Ne1 h5 10. Nc2 h4 11. Ne3 Nh5 12. Ned5 f5 13. e3 Bh6 14. d3 Kh7 15. a3
Ne7 16. b4 Nxd5 17. Nxd5 f4 18. exf4 exf4 19. g4 f3 20. Bxf3 Nf4 21. Nxf4 Bxf4
22. h3 Rb8 23. Bd5 b6 24. Bc1 Be5 25. Ra2 Bb7 26. f4 Bd4+ 27. Kh2 Bxd5 28. cxd5
Qf6 29. g5 Qf5 30. Qf3 Rbe8 31. Rg2 Rf7 32. Rg4 Rfe7 33. Rxh4+ Kg8 34. Rg4 Be3
35. Rg3 Qxd3 36. Re1 Qc2+ 37. Rg2 Qc3 38. Rxe3 Rxe3 39. Bxe3 Rxe3 40. Qg4 cxb4
41. axb4 Qc4 42. Rf2 Qxd5 43. Qc8+ Kf7 44. Qh8 Qe6 45. Qh7+ Ke8 46. Qh8+ Kf7
47. Qh7+ Ke8 48. Qh8+ Kf7 1/2-1/2

[Event "Kingston Invitational 1st"]
[Site "Kingston"]
[Date "2022.07.23"]
[Round "7"]
[White "Lalic, Peter D"]
[Black "Jones, Steven A"]
[Result "1-0"]
[WhiteElo "2151"]
[BlackElo "2251"]
[PlyCount "85"]
[EventDate "2022.07.20"]
[EventType "tourn"]
[EventRounds "9"]
[EventCountry "ENG"]
[SourceVersionDate "2022.07.20"]

1. h3 e5 2. e3 d6 3. d4 Nd7 4. Nf3 Ngf6 5. Bc4 e4 6. Nfd2 d5 7. Bb3 c5 8. c4
cxd4 9. exd4 Bd6 10. cxd5 Nb6 11. Nc3 O-O 12. Nf1 h6 13. Ne3 Re8 14. Bd2 Bf4
15. Rc1 Bxe3 16. fxe3 Qd6 17. O-O Bd7 18. Qe2 a6 19. Qf2 Rad8 20. Qf4 Bc8 21.
Be1 Qxf4 22. Rxf4 Nbxd5 23. Nxd5 Nxd5 24. Rxc8 Nxf4 25. Rxd8 Rxd8 26. exf4 Rxd4
27. Kf2 Rd7 28. Ke3 Kh7 29. f5 f6 30. Kxe4 g5 31. Bc3 Kg7 32. Bd4 b5 33. Be6
Rc7 34. Bc3 Rc5 35. Bd5 h5 36. a3 h4 37. Kd4 Rc7 38. Be6 a5 39. Bd5 Re7 40.
Bxa5 Re5 41. Be4 g4 42. hxg4 Kh6 43. Bd2+ 1-0

[Event "Kingston Invitational 1st"]
[Site "Kingston"]
[Date "2022.07.23"]
[Round "7"]
[White "Large, Peter G"]
[Black "Maycock Bates, David Henry"]
[Result "0-1"]
[WhiteElo "2299"]
[BlackElo "2240"]
[PlyCount "76"]
[EventDate "2022.07.20"]
[EventType "tourn"]
[EventRounds "9"]
[EventCountry "ENG"]
[SourceVersionDate "2022.07.20"]

1. Nf3 d5 2. b3 Bg4 3. Bb2 Nd7 4. e3 Ngf6 5. h3 Bh5 6. d3 e6 7. g4 Bg6 8. Nh4
Bd6 9. Bg2 Qe7 10. a3 c6 11. Nd2 e5 12. Qe2 a5 13. O-O O-O 14. e4 Rae8 15. Rfe1
Nc5 16. Nf5 Bxf5 17. exf5 h6 18. a4 Qc7 19. Nf1 e4 20. Bxf6 gxf6 21. d4 Na6 22.
Ne3 Nb4 23. Qd2 Kh7 24. Bf1 c5 25. dxc5 Bxc5 26. c3 Nd3 27. Bxd3 exd3 28. Qxd3
Qf4 29. Qxd5 Re5 30. Qc4 Qf3 31. Qf1 Rfe8 32. Qg2 Qf4 33. Nc2 Qd2 34. Rxe5 Rxe5
35. Ne3 Qxc3 36. Rd1 Bxe3 37. fxe3 Rxe3 38. Kh2 Qe5+ 0-1

[Event "Kingston Invitational 1st"]
[Site "Kingston"]
[Date "2022.07.23"]
[Round "7"]
[White "Seymour, Timothy P"]
[Black "Finn, Peter"]
[Result "1/2-1/2"]
[WhiteElo "2076"]
[BlackElo "2038"]
[PlyCount "128"]
[EventDate "2022.07.20"]
[EventType "tourn"]
[EventRounds "9"]
[EventCountry "ENG"]
[SourceVersionDate "2022.07.20"]

1. Nf3 d5 2. e3 Nf6 3. b3 Bf5 4. Bb2 e6 5. Nh4 Bg6 6. Nxg6 hxg6 7. g3 Bd6 8.
Bg2 Nbd7 9. d3 c6 10. Nd2 Qe7 11. a3 O-O-O 12. c4 Nc5 13. Qc2 dxc4 14. dxc4 Ng4
15. b4 Nd3+ 16. Qxd3 Bxg3 17. Qxd8+ Rxd8 18. hxg3 Nxf2 19. O-O Ng4 20. Bd4 Qg5
21. Nf3 Qh5 22. Rad1 b6 23. e4 e5 24. Bf2 Re8 25. Rfe1 f5 26. c5 Rf8 27. Rd2 b5
28. exf5 gxf5 29. Nxe5 Qh2+ 30. Kf1 Nxe5 31. Rxe5 f4 32. gxf4 Qxf4 33. Rde2
Qc1+ 34. Re1 Qxa3 35. Bxc6 Qxb4 36. Bg2 Qf4 37. Bh3+ Kb7 38. Re7+ Kb8 39. Re8+
Rxe8 40. Rxe8+ Kb7 41. Bg2+ Ka6 42. c6 b4 43. Re4 Qc1+ 44. Re1 Qc3 45. Kg1 b3
46. Bf1+ Ka5 47. Re7 Qxc6 48. Be1+ Kb6 49. Bf2+ Ka5 50. Rxa7+ Kb4 51. Be1+ Kc5
52. Bf2+ Kb4 53. Be1+ Kc5 54. Ra5+ Kd4 55. Bf2+ Kc3 56. Bg2 Qg6 57. Be1+ Kc2
58. Rc5+ Kb1 59. Rb5 Qd3 60. Rb4 Qe3+ 61. Bf2 Qc1+ 62. Kh2 Qh6+ 63. Kg1 Qc1+
64. Kh2 Qh6+ 1/2-1/2

[Event "Kingston Invitational 1st"]
[Site "Kingston"]
[Date "2022.07.23"]
[Round "8"]
[White "Healey, Michael W"]
[Black "Lalic, Peter D"]
[Result "0-1"]
[WhiteElo "2147"]
[BlackElo "2151"]
[PlyCount "53"]
[EventDate "2022.07.20"]
[EventType "tourn"]
[EventRounds "9"]
[EventCountry "ENG"]
[SourceVersionDate "2022.07.20"]

1. e4 c6 2. d4 d5 3. f3 g6 4. Nc3 Nh6 5. Nge2 Bg7 6. Bf4 dxe4 7. fxe4 e5 8.
dxe5 Qxd1+ 9. Rxd1 Ng4 10. e6 fxe6 11. e5 Bxe5 12. h3 Bxf4 13. Nxf4 Ne5 14. Ne4
Ke7 15. Be2 Nf7 16. g4 e5 17. Nd3 b6 18. h4 h6 19. O-O Be6 20. Rxf7+ Kxf7 21.
Nxe5+ Kg7 22. g5 hxg5 23. hxg5 Bd5 24. Nf2 Re8 25. Nfg4 Nd7 26. Nxd7 Rxe2 27.
Ngf6 0-1

[Event "Kingston Invitational 1st"]
[Site "Kingston"]
[Date "2022.07.23"]
[Round "8"]
[White "Jones, Steven A"]
[Black "Kalaiyalahan, Akshaya"]
[Result "1/2-1/2"]
[WhiteElo "2251"]
[BlackElo "2158"]
[PlyCount "135"]
[EventDate "2022.07.20"]
[EventType "tourn"]
[EventRounds "9"]
[EventCountry "ENG"]
[SourceVersionDate "2022.07.20"]

1. d4 d5 2. c4 e6 3. Nf3 Nf6 4. g3 c6 5. Bg2 Be7 6. O-O O-O 7. b3 b6 8. Qc2 Ba6
9. Rd1 Nbd7 10. Bb2 Rc8 11. Ne5 Qc7 12. Nd2 c5 13. Nxd7 Qxd7 14. dxc5 Rxc5 15.
Ne4 Nxe4 16. Qxe4 f5 17. Qe3 Re8 18. Ba3 Rcc8 19. Bxe7 Rxe7 20. Qd4 Bb7 21.
cxd5 Bxd5 22. Bxd5 Qxd5 23. Qxd5 exd5 24. Rxd5 Rxe2 25. Rxf5 Rf8 26. Rxf8+ Kxf8
27. a4 Rb2 28. Rc1 Rxb3 29. Rc8+ Kf7 30. Rc7+ Kf8 31. Rxa7 b5 32. axb5 Rxb5 33.
g4 h5 34. Kg2 hxg4 35. Kg3 Rb4 36. Rd7 Ra4 37. Rd5 Kf7 38. Rg5 Kf6 39. Rxg4
Ra3+ 40. f3 g5 41. Rb4 Kf5 42. Rb8 Ra1 43. Rb5+ Kf6 44. Rb8 Kf5 45. Rf8+ Kg6
46. Re8 Kf5 47. Re4 Ra3 48. Rc4 Rb3 49. h4 gxh4+ 50. Rxh4 Ra3 51. Rh5+ Kg6 52.
Rb5 Ra1 53. Kg4 Rg1+ 54. Kf4 Rf1 55. Rb6+ Kf7 56. Kg4 Ra1 57. f4 Ra5 58. Rb7+
Kf6 59. Rh7 Kg6 60. Rh8 Kf6 61. Rh6+ Kg7 62. Rd6 Rb5 63. Ra6 Rc5 64. Kf3 Rc4
65. Kg4 Rc5 66. f5 Rc1 67. Re6 Kf7 68. Kf4 1/2-1/2

[Event "Kingston Invitational 1st"]
[Site "Kingston"]
[Date "2022.07.23"]
[Round "8"]
[White "Maycock Bates, David Henry"]
[Black "Seymour, Timothy P"]
[Result "1-0"]
[WhiteElo "2240"]
[BlackElo "2076"]
[PlyCount "129"]
[EventDate "2022.07.20"]
[EventType "tourn"]
[EventRounds "9"]
[EventCountry "ENG"]
[SourceVersionDate "2022.07.20"]

1. e4 e5 2. Nf3 Nc6 3. Bb5 Nf6 4. d3 Bc5 5. c3 d5 6. Qe2 O-O 7. Nbd2 dxe4 8.
dxe4 a5 9. O-O Qe7 10. h3 Nb8 11. Re1 c6 12. Bd3 a4 13. Nc4 Nbd7 14. Bg5 h6 15.
Bh4 b5 16. Ne3 Bxe3 17. Qxe3 Qc5 18. Qxc5 Nxc5 19. Bc2 Nfd7 20. b4 axb3 21.
axb3 Rxa1 22. Rxa1 f6 23. Rd1 Kf7 24. Kf1 Ke7 25. Bg3 g5 26. Nh2 Rd8 27. f3 Ne6
28. Ng4 h5 29. Ne3 h4 30. Bf2 Ng7 31. c4 bxc4 32. bxc4 Ba6 33. Be1 Nb6 34. Bb4+
Ke8 35. Rxd8+ Kxd8 36. Ba5 Kc7 37. Ke2 Kb7 38. Kd3 Ne6 39. Kc3 Nd7 40. Bd3 Ndc5
41. Bf1 Nd7 42. Bb4 Ndc5 43. Ng4 Na4+ 44. Kb3 c5 45. Kxa4 cxb4 46. Nxf6 Nd4 47.
Kxb4 Nc2+ 48. Kc5 Ne3 49. Bd3 Nxg2 50. Ng4 Nf4 51. Bf1 Kc7 52. Nxe5 Bc8 53. Ng4
Be6 54. Kd4 Kd6 55. c5+ Kc6 56. Ne5+ Kc7 57. Ng4 Kc6 58. Ke5 Kxc5 59. Kf6 Bxg4
60. fxg4 Kd4 61. e5 Kd5 62. Kf5 Kd4 63. e6 Kd5 64. e7 Ne6 65. Bc4+ 1-0

[Event "Kingston Invitational 1st"]
[Site "Kingston"]
[Date "2022.07.23"]
[Round "8"]
[White "Taylor, William J"]
[Black "Finn, Peter"]
[Result "0-1"]
[WhiteElo "1959"]
[BlackElo "2038"]
[PlyCount "68"]
[EventDate "2022.07.20"]
[EventType "tourn"]
[EventRounds "9"]
[EventCountry "ENG"]
[SourceVersionDate "2022.07.20"]

1. e4 c5 2. Nf3 Nc6 3. d4 cxd4 4. Nxd4 Nf6 5. Nc3 e5 6. Ndb5 d6 7. Bg5 a6 8.
Na3 b5 9. Nd5 Be7 10. Bxf6 Bxf6 11. c4 b4 12. Nc2 O-O 13. g3 a5 14. h4 g6 15.
Nxf6+ Qxf6 16. Bg2 Qe7 17. b3 Be6 18. Qd2 Ra6 19. Rd1 Nb8 20. h5 Nd7 21. Bh3
Nc5 22. Qe3 g5 23. Bxe6 fxe6 24. h6 Kh8 25. Rh5 Qb7 26. f3 g4 27. Rxd6 gxf3 28.
Rxa6 f2+ 29. Kf1 Qd7 30. Qf3 Qd8 31. Qe2 Nxe4 32. Rh3 Nd2+ 33. Kg2 f1=Q+ 34.
Qxf1 Nxf1 0-1

[Event "Kingston Invitational 1st"]
[Site "Kingston"]
[Date "2022.07.23"]
[Round "8"]
[White "Varney, Zoe"]
[Black "Large, Peter G"]
[Result "0-1"]
[WhiteElo "2045"]
[BlackElo "2299"]
[PlyCount "100"]
[EventDate "2022.07.20"]
[EventType "tourn"]
[EventRounds "9"]
[EventCountry "ENG"]
[SourceVersionDate "2022.07.20"]

1. e4 e6 2. d4 d5 3. Bd3 dxe4 4. Bxe4 Nf6 5. Bf3 Nbd7 6. Ne2 Be7 7. Nbc3 e5 8.
Be3 O-O 9. h3 exd4 10. Nxd4 Ne5 11. Qe2 Bb4 12. Rd1 Nxf3+ 13. Nxf3 Qe7 14. Bd2
Bf5 15. a3 Qxe2+ 16. Nxe2 Bc5 17. Bc3 Rad8 18. Bxf6 gxf6 19. Rxd8 Rxd8 20. O-O
Bxc2 21. Rc1 Rd1+ 22. Rxd1 Bxd1 23. Ned4 Kf8 24. Kf1 Ke7 25. Ke1 Bxf3 26. Nxf3
Ke6 27. Ke2 Kd5 28. Nd2 b5 29. f3 a5 30. Kd3 f5 31. g4 fxg4 32. hxg4 f5 33.
gxf5 h5 34. Ne4 Bd4 35. b3 h4 36. f6 h3 37. f7 Bg7 38. Ke2 h2 39. Ng3 Ke6 40.
Kf1 Kxf7 41. Kg2 Ke6 42. Kxh2 Be5 43. Kg2 Bxg3 44. Kxg3 c5 45. Kf4 c4 46. bxc4
b4 47. axb4 a4 48. b5 a3 49. b6 Kd7 50. c5 a2 0-1

[Event "Kingston Invitational 1st"]
[Site "Kingston"]
[Date "2022.07.24"]
[Round "9"]
[White "Finn, Peter"]
[Black "Maycock Bates, David Henry"]
[Result "0-1"]
[WhiteElo "2038"]
[BlackElo "2240"]
[PlyCount "50"]
[EventDate "2022.07.20"]
[EventType "tourn"]
[EventRounds "9"]
[EventCountry "ENG"]
[SourceVersionDate "2022.07.20"]

1. d4 Nf6 2. Nf3 d5 3. g3 e6 4. Bg2 Be7 5. O-O O-O 6. c4 b6 7. cxd5 exd5 8. Nc3
Bb7 9. Ne5 Nbd7 10. Qb3 c6 11. e4 dxe4 12. Nxe4 Nxe4 13. Bxe4 Nxe5 14. dxe5 Qd4
15. Re1 Bb4 16. Be3 Qxe4 17. Bd2 Qg6 18. Qxb4 c5 19. Qb3 Rad8 20. Bf4 Rd3 21.
Qa4 Rd4 22. Qxa7 Qc6 23. Kf1 Qg2+ 24. Ke2 Bf3+ 25. Ke3 Rfd8 0-1

[Event "Kingston Invitational 1st"]
[Site "Kingston"]
[Date "2022.07.24"]
[Round "9"]
[White "Kalaiyalahan, Akshaya"]
[Black "Healey, Michael W"]
[Result "0-1"]
[WhiteElo "2158"]
[BlackElo "2147"]
[PlyCount "86"]
[EventDate "2022.07.20"]
[EventType "tourn"]
[EventRounds "9"]
[EventCountry "ENG"]
[SourceVersionDate "2022.07.20"]

1. Nf3 Nf6 2. g3 Nc6 3. d4 e6 4. Bg2 d5 5. O-O b5 6. a4 b4 7. c4 bxc3 8. Nxc3
Be7 9. Bf4 O-O 10. Rc1 Bd7 11. Nb5 Ne8 12. Ne1 g5 13. Be3 f5 14. Nd3 Rb8 15.
Nc5 Rb6 16. Qd2 h6 17. Na3 a5 18. f3 Bxc5 19. Rxc5 Rb4 20. Rfc1 Qa8 21. Qc3 f4
22. Bf2 Ne7 23. e4 Bxa4 24. gxf4 Ng6 25. fxg5 Nf4 26. Bf1 Qd8 27. Rxa5 Rb3 28.
Qe1 Rxf3 29. Rxa4 Nd6 30. Bg3 Nxe4 31. Bxf4 R3xf4 32. Bg2 Qxg5 33. Rc2 Rf2 34.
Rxf2 Rxf2 35. Qxf2 Nxf2 36. Kxf2 Qd2+ 37. Kg3 Qe1+ 38. Kh3 Qe3+ 39. Kg4 Kg7 40.
Bf3 h5+ 41. Kg3 Qg1+ 42. Kh3 Kf6 43. Nc2 Qf2 0-1

[Event "Kingston Invitational 1st"]
[Site "Kingston"]
[Date "2022.07.24"]
[Round "9"]
[White "Lalic, Peter D"]
[Black "Taylor, William J"]
[Result "1/2-1/2"]
[WhiteElo "2151"]
[BlackElo "1959"]
[PlyCount "31"]
[EventDate "2022.07.20"]
[EventType "tourn"]
[EventRounds "9"]
[EventCountry "ENG"]
[SourceVersionDate "2022.07.20"]

1. h3 d5 2. Nf3 Nf6 3. d4 e6 4. Bf4 Bd6 5. Bxd6 Qxd6 6. c3 O-O 7. e3 c5 8. Nbd2
b6 9. Ne5 Ba6 10. Bxa6 Nxa6 11. O-O Nb8 12. Qa4 Nfd7 13. Ndf3 f6 14. Nxd7 Qxd7
15. Qxd7 Nxd7 16. Rfd1 1/2-1/2

[Event "Kingston Invitational 1st"]
[Site "Kingston"]
[Date "2022.07.24"]
[Round "9"]
[White "Large, Peter G"]
[Black "Jones, Steven A"]
[Result "1-0"]
[WhiteElo "2299"]
[BlackElo "2251"]
[PlyCount "45"]
[EventDate "2022.07.20"]
[EventType "tourn"]
[EventRounds "9"]
[EventCountry "ENG"]
[SourceVersionDate "2022.07.20"]

1. Nf3 d6 2. d4 Nf6 3. Nc3 Bf5 4. Nh4 Bd7 5. e4 e5 6. Nf3 Nc6 7. Be2 exd4 8.
Nxd4 Be7 9. O-O O-O 10. Nxc6 Bxc6 11. Bf3 Re8 12. Re1 Nd7 13. Nd5 Nb6 14. Rb1
Bxd5 15. exd5 Bf6 16. b3 Nd7 17. g3 Rxe1+ 18. Qxe1 Bd4 19. Qd2 Ne5 20. Be2 Qf6
21. Qf4 Qg6 22. Qxd4 Qxc2 23. Qb2 1-0

[Event "Kingston Invitational 1st"]
[Site "Kingston"]
[Date "2022.07.24"]
[Round "9"]
[White "Seymour, Timothy P"]
[Black "Varney, Zoe"]
[Result "1-0"]
[WhiteElo "2076"]
[BlackElo "2045"]
[PlyCount "85"]
[EventDate "2022.07.20"]
[EventType "tourn"]
[EventRounds "9"]
[EventCountry "ENG"]
[SourceVersionDate "2022.07.20"]

1. Nf3 Nf6 2. e3 g6 3. b3 Bg7 4. Bb2 O-O 5. d4 d6 6. Be2 Ne4 7. O-O Nd7 8. c4
e5 9. Nfd2 Nxd2 10. Qxd2 f5 11. Nc3 f4 12. exf4 exf4 13. Bf3 g5 14. Rae1 Nf6
15. Nd5 g4 16. Nxf6+ Qxf6 17. Be4 f3 18. g3 c6 19. Ba1 Bh6 20. Qc2 Qf7 21. d5
c5 22. Bd3 Bd7 23. Qc3 Bg7 24. Qxg7+ Qxg7 25. Bxg7 Kxg7 26. Bxh7 Rae8 27. Be4
Re5 28. Re3 Rfe8 29. Rfe1 Kf6 30. h4 gxh3 31. Bxf3 Bf5 32. Rxe5 Rxe5 33. Rxe5
Kxe5 34. Bd1 Kd4 35. g4 Bb1 36. f4 Ke3 37. f5 Kd2 38. Bf3 Ke3 39. Bd1 Kd2 40.
Kh2 Kxd1 41. Kxh3 Ke2 42. Kh4 Kf3 43. Kg5 1-0